|
|
|
|
| LEADER |
01236nam a2200277 a 4500 |
| 001 |
13842306 |
| 008 |
091230s1999 bg ab 000 0 eng d |
| 010 |
|
|
|a \\2004312268
|
| 020 |
|
|
|a 9844890292
|
| 040 |
|
|
|a DLC
|c DLC
|d BD-DhAAL
|
| 082 |
0 |
0 |
|a 332.2/8/095492
|2 21
|
| 100 |
1 |
|
|a Quashem, M. A.
|
| 245 |
1 |
2 |
|a A profile of the rural poor projects of BRDB /
|c prepared by M.A. Quashem, A.K. Fazlul Bari.
|
| 260 |
|
|
|a Dhaka :
|b BRDB Institutional Support Project,
|c 1999.
|
| 300 |
|
|
|a iii, 92 p. :
|b col. ill., col. maps ;
|c 25 cm.
|
| 490 |
1 |
|
|a Report ;
|v no. 29
|
| 520 |
|
|
|a With reference to anti-poverty projects and programs undertaken by Bangladesh Rural Development Board.
|
| 541 |
1 |
|
|e 00007354
|
| 650 |
|
0 |
|a Economic assistance, Domestic
|z Bangladesh.
|
| 650 |
|
0 |
|a Rural development projects
|z Bangladesh.
|
| 700 |
1 |
|
|a Fazlul Bari, A. K.
|
| 710 |
2 |
|
|a BRDB Institutional Support Project.
|
| 830 |
|
0 |
|a Report (BRDB Institutional Support Project) ;
|v no. 29.
|
| 852 |
4 |
|
|a Ayesha Abed Library
|j General shelf
|
| 999 |
|
|
|c 6533
|d 6533
|
| 952 |
|
|
|0 0
|1 0
|2 ddc
|4 0
|6 332_280954920000000_QUA_1999
|7 0
|9 6637
|a BRACUL
|b BRACUL
|c GEN
|d 2009-12-30
|g 0.00
|l 0
|o 332.28095492 QUA
|p 3010007354
|r 2009-12-30
|t 1
|w 2009-12-30
|y BK
|x No price found in the accession register.
|